000 01135nam a2200217Ia 4500
003 Ost
005 20260507074951.0
008 260507s9999||||xx |||||||||||||| ||und||
020 _a9773681351
040 _cfsecg
041 _aara
082 _a350
100 _aالصيرفي، محمد
_eمؤلف
245 0 _aالادارة بالالتزام /
_c محمد الصيرفي
260 _aالاسكندرية:
_bمؤسسة حورس الدولية,
_c2007
300 _a150 صفحة؛
_bإيضاحات ؛
_c24 سم
504 _aببليوغرافيا: ص.147-148
520 _aمفهوم الإدارة بالإلتزام،مراحل تطور الإدارة بالإلتزام،خصائص الإدارة بالإلتزام،مبادئ الإدارة بالإلتزام،بيئة العمل ومنهج الإدارة بالإلتزام،برنامج الإدارة بالإلتزام،الخطوات العملية لتطبيق منهج الإدارة بالإلتزام،المشكلات التي تواجهها عند تطبيق منهج الإدارة بالإلتزام
653 _aالإدارة
942 _cكتاب
999 _c41993
_d41993